| 000 | 08034nam0a2200589 4500 | ||
|---|---|---|---|
| 001 | v19\rc\1272330 | ||
| 005 | 20260406094707.0 | ||
| 035 | _a(NLR Aleph) 004452247 | ||
| 090 |
_a4478646 _c4478646 |
||
| 100 | _a20060306d1896 |||y0rusy50 ca | ||
| 101 | 0 | _arus | |
| 102 | _aRU | ||
| 105 | _ay z |||c| | ||
| 200 | 1 |
_aГергард Гауптман _eкритический очерк _fЗ. В. |
|
| 210 |
_a[Петербург _cТипография М. М. Стасюлевича _d1896] |
||
| 215 |
_aС. 308-328 _d23 |
||
| 300 | _aАвт. указан в конце текста; раскрыт по изд.: Масанов. Словарь псевдонимов. Т. 1. М., 1956 | ||
| 300 | _aОтт. из: "Вестник Европы, т. 6. - ноябрь, 1896", [№ 11] | ||
| 309 | _aБез тит. л. и обл. | ||
| 316 |
_aЭкз. РНБ входит в конволют с общ. загл. корешка: Германия; приплетено 15 оттисков _5NLR |
||
| 412 | 0 |
_12001#$aВестник Европы$eжурнал$v1896, № 11 _tВестник Европы |
|
| 481 | 0 |
_1001RU\NLR\BIBL_A\016334311 _913070622 _aСлонимский, Л. З. (1850-1918) _c[Санкт-Петербург _d1897 _fЛ. Слонимский _h[гл.] 3 _nТипография М. М. Стасюлевича] _oокончание _pС. 745-763 _tКарл Маркс в русской литературе |
|
| 481 | 0 |
_1001RU\NLR\BIBL_A\016334667 _913071861 _aСлонимский, Л. З. (1850-1918) _c[Санкт-Петербург _d1896 _fЛ. Слонимский _h[гл.] 2 _nТипография М. М. Стасюлевича] _oокончание _pС. 267-285 _tЭкономическая теория Маркса |
|
| 481 | 0 |
_1001RU\NLR\BIBL_A\016334686 _913071925 _aСлонимский, Л. З. (1850-1918) _c[Санкт-Петербург _d1896 _fЛ. Слонимский _h[гл.] 2 _nТипография М. М. Стасюлевича] _pС. 775-807 _tКапитализм в доктрине Маркса |
|
| 481 | 0 |
_1001RU\NLR\BIBL_A\016334712 _913072007 _aСлонимский, Л. З. (1850-1918) _c[Санкт-Петербург _d1896 _fЛ. Слонимский _h[гл.] 3 _nТипография М. М. Стасюлевича] _oокончание _pС. 299-320 _tКапитализм в доктрине Маркса |
|
| 481 | 0 |
_1001RU\NLR\BIBL_A\016334812 _913072285 _aЩепкин, Е. Н. (1860-1920) _c[Москва _d1894] _fЕвг. Щепкин _h[гл.] 4-5 _nВ. М. Лавров _pС. 63-85 _tАвтобиография Л. Ранке |
|
| 481 | 0 |
_1001RU\NLR\BIBL_A\016334849 _913072347 _aЩепкин, Е. Н. (1860-1920) _c[Москва _d1894] _fЕвг. Щепкин _h[гл.] 6 _nВ. М. Лавров _pС. 41-52 _tАвтобиография Л. Ранке |
|
| 481 | 0 |
_1001RU\NLR\BIBL_A\016334959 _913072711 _aВиноградов, П. Г. (историк ; 1854-1925) _c[Москва _d1888] _fПавел Виноградов _iРанке и его школа _nВ. М. Лавров _pС. 213-224 _tНаучный обзор |
|
| 481 | 0 |
_1001RU\NLR\BIBL_A\016335018 _913072909 _aСпасович, В. Д. (1829-1906) _c[Санкт-Петербург _d1894 _fВ. Спасович _hч. 2 _nТипография М. М. Стасюлевича] _pС. 166-202 _tДружба Шиллера и Гёте, 1794-1805 г. |
|
| 481 | 0 |
_1001RU\NLR\BIBL_A\016335026 _913072938 _aСпасович, В. Д. (1829-1906) _c[Санкт-Петербург _d1894 _fВ. Спасович _hч. 3 и последняя _nТипография М. М. Стасюлевича] _pС. 611-654 _tДружба Шиллера и Гёте, 1794-1805 г. |
|
| 481 | 0 |
_1001v19\rc\1267624 _94127381 _aСпасович, В. Д. (1829-1906) _c[Санкт-Петербург _d1894 _fВ. Спасович _hч. 1 _nТипография М. М. Стасюлевича] _pС. 672-705 _tДружба Шиллера и Гёте, 1794-1805 г. |
|
| 481 | 0 |
_1001v19\rc\1275341 _94211869 _aСлонимский, Л. З. (1850-1918) _c[Санкт-Петербург _d1896 _fЛ. Слонимский _h[гл.] 1 _nТипография М. М. Стасюлевича] _pС. 357-372 _tКапитализм в доктрине Маркса |
|
| 481 | 0 |
_1001v19\rc\1275342 _94211883 _aСлонимский, Л. З. (1850-1918) _c[Санкт-Петербург _d1896 _fЛ. Слонимский _nТипография М. М. Стасюлевича] _o[по книге]: das Kapital. Kritik der Politischen Oekonomie. Bd. 1-3. 1867-1894 _pС. 289-308 _tМаркс и его школа |
|
| 481 | 0 |
_1001v19\rc\1275343 _94211899 _aСлонимский, Л. З. (1850-1918) _c[Санкт-Петербург _d1896 _fЛ. Слонимский _h[гл.] 1 _nТипография М. М. Стасюлевича] _pС. 809-836 _tЭкономическая теория Маркса |
|
| 481 | 0 |
_1001v19\rc\1304020 _95370762 _aПыпин, А. Н. (1833-1904) _c[Санкт-Петербург _d1897 _fА. Пыпин _nТипография М. М. Стасюлевича] _oбиография немецкого ученого _pС. 309-351 _tГерман Геттнер |
|
| 481 | 0 |
_1001v19\rc\1309611 _94542904 _aЧебышев, А. А. (1866-1917) _cБ. м. _d1898 _fА. Чебышев _o(Demetrius) _pС. 49-95 _tТрагедия Шиллера из русской истории |
|
| 481 | 0 |
_1001v19\rc\1310632 _94546451 _aЕзерский, Н. Ф. (1870-) _c[Санкт-Петербург _d1899 _fН. Езерский _nТипография М. М. Стасюлевича] _pС. 635-655 _tСоциальдемократ против марксизма |
|
| 481 | 0 |
_1001v19\rc\1310723 _94546782 _aЗелинский, Ф. Ф. (1859-1944) _c[Санкт-Петербург _d1899 _fФ. Зелинский _nТипография М. М. Стасюлевича] _o[о драме "Мерлин" Карла Иммермана] _pС. 5-51 _tМировая "трагедия веры" |
|
| 481 | 0 |
_1001v19\rc\1310757 _94546896 _aДавыдова, О. А. (химик, переводчик ; 1859-) _c[Санкт-Петербург _d1899 _fО. Д. _nТип. "В. С. Балашев и К°"] _o(перевод с рукописи) _pС. 169-199 _tОскар Иегер, его педагогическая и литературная деятельность |
|
| 481 | 0 |
_1001v19\rc\1581642 _94163782 _aЩепкин, Е. Н. (1860-1920) _c[Москва _d1894] _fЕвг. Щепкин _h[гл. 1-3] _nВ. М. Лавров _pС. 149-169 _tАвтобиография Л. Ранке |
|
| 481 | 0 |
_1001v19\rc\1690084 _95543673 _aАлександровский, Г. В. (1872-) _cКиев _d1897 _nТипография И. И. Чоколова _oначало мировой скорби в германской литературе XVIII в. : (к вопросу о пессимизме) : историко-литературный этюд Г. Александровского _p49 с. _tО романе Гете "Страдания молодого Вертера" |
|
| 481 | 0 |
_1001v19\rc\1718783 _95544557 _aРыбинский, В. С. (-1900) _cВоронеж _d1900 _fВ. С. Рыбинский _nТипография В. И. Исаева _o(речь по поводу чествования памяти 150-летней годовщины со дня рождения великого поэта) _p[2], 12 с. _tО "Фаусте" Гёте |
|
| 481 | 0 |
_1001v19\rc\2008883 _97296688 _aСлонимский, Л. З. (1850-1918) _c[Санкт-Петербург _d1897 _fЛ. Слонимский _h[гл.] 1 _nТипография М. М. Стасюлевича] _pС. 765-779 _tКарл Маркс в русской литературе |
|
| 516 | 1 | _aГермания | |
| 700 | 1 |
_8rus _7ca _aВенгерова _bЗ. А. _f1867-1941 _gЗинаида Афанасьевна _3RU\NLR\AUTH\7769746 _952674 |
|
| 702 | 1 |
_4280 _8rus _7ca _aГауптман _bГ. _f1862-1946 _gГерхарт _3RU\NLR\AUTH\7751671 _934604 |
|
| 801 | 0 |
_aRU _bNLR _gpsbo |
|
| 801 | 1 |
_aRU _bProSoft-M _2rusmarc |
|
| 852 |
_aNLR _j121/160(1) |
||
| 942 | _cBOOK | ||
| 980 | _aNB | ||